| 000 | 00988cam a2200289 4500 | ||
|---|---|---|---|
| 003 | CO-ViMGA | ||
| 005 | 20230915232210.0 | ||
| 008 | 120620t 2012ck r 000 f spa d | ||
| 020 | _a9789588820859 | ||
| 040 |
_aCO-ViMGA _bspa _cCO-ViMGA |
||
| 041 | 1 | _heng | |
| 043 | _ae-uk--- | ||
| 082 | 0 | 4 |
_a823.91 _bJ15c8 |
| 100 | 1 |
_aJames, E. L. _d1963- _92220 |
|
| 245 | 1 | 0 |
_aCincuenta sombras liberadas / _cE. L. James ; traducción de María Del Puerto Barruetabeña Diez |
| 250 | _a1a ed. | ||
| 260 |
_aBogotá : _bDebolsillo, _c2014. |
||
| 300 |
_a651 p. : _c19 cm. |
||
| 500 | _aEscritora de la trilogía Cincuenta sombras de Grey (I), Cincuenta sombras más oscuras (II) y Cincuenta sombras liberadas (III). | ||
| 534 | _tFifty shades freed. | ||
| 650 | 1 | 4 |
_aNovela inglesa _91291 |
| 650 | 2 | 4 |
_aLiteratura erótica _92225 |
| 650 | 2 | 4 |
_aLiteratura inglesa _91293 |
| 650 | 2 | 4 |
_aNovela erótica _92222 |
| 700 | 1 |
_aBarruetabeña Diez, María del Puerto _eTr. _92226 |
|
| 942 |
_2ddc _cBK |
||
| 999 |
_c11693 _d11693 |
||